00869nam a2200265 a 450000100060000000300080000600500170001400800410003103500190007204000350009104100080012608200210013410000180015524500400017326000300021330000670024349000440031050000460035450400280040065000510042865100180047965100410049765100210053883000440055927276BD-RjUL20211209051132.0140324s1967 enk 001 0 eng d a(BD-RjUL)27348 aBD-RjULbengcBD-RjULdBD-RjUL aeng a966.9bLAS 19671 aLast, Murray.14aThe Sokoto caliphate /cMurray Last aLondon :bLongmans,c1967 alxxxii, 280 p., genealogical charts in pocket :bill. ;c23 cm1 aIbadan history series (Harlow, England) aPh.D. thesis, University of Ibadan - p.xi aBibliography: p.236-262 0aHausa (African people)xHistoryy19th century. 0aFulani Empire 0aSokoto (Nigeria : Province)xHistory 0aNigeriaxHistory 0aIbadan history series (Harlow, England)